Faculty of Law Library — Cairo University

Official Online Catalog

Code D'instruction Criminelle Et Code Pénal : (Record no. 71647)

MARC details
000 -LEADER
fixed length control field 01199nam a2200313 i 4500
003 - CONTROL NUMBER IDENTIFIER
control field EG-GICUC
005 - DATE AND TIME OF LATEST TRANSACTION
control field 20260418134133.0
008 - FIXED-LENGTH DATA ELEMENTS--GENERAL INFORMATION
fixed length control field 260418s1920 fr |||fr|||| 00| 0 fre d
040 ## - CATALOGING SOURCE
Original cataloging agency EG-GiCUC
Language of cataloging fre
Transcribing agency EG-GiCUC
Modifying agency EG-GiCUC
Description conventions Rda
082 04 - DEWEY DECIMAL CLASSIFICATION NUMBER
Edition number 21
Classification number 343.3
Item number CO
092 04 - LOCALLY ASSIGNED DEWEY CALL NUMBER (OCLC)
Edition number 21
099 ## - LOCAL FREE-TEXT CALL NUMBER (OCLC)
Classification number Law1 10 343.3 CO 1920
245 00 - TITLE STATEMENT
Title Code D'instruction Criminelle Et Code Pénal :
Remainder of title Annotés D'après La Doctrine Et La Jurisprudence Avec Renvois Aux Ouvrages De Mm. Dalloz /
Statement of responsibility, etc. Direction De Mm. Gaston Griolet, Charles Vergé, Collaboration De M. Henry Bourdeaux.
250 ## - EDITION STATEMENT
Edition statement Dix-huitième Édition
Remainder of edition statement Revue, Corrigée Et Augmentée
264 #1 - PRODUCTION, PUBLICATION, DISTRIBUTION, MANUFACTURE, AND COPYRIGHT NOTICE
Place of production, publication, distribution, manufacture Paris :
Name of producer, publisher, distributor, manufacturer Librairie Dalloz,
Date of production, publication, distribution, manufacture, or copyright notice 1920.
300 ## - PHYSICAL DESCRIPTION
Extent 824 page ;
Dimensions 24 cm.
336 ## - CONTENT TYPE
Source rda contenu
Content type term texte
337 ## - MEDIA TYPE
Source rda medias
Media type term Ordinateur
338 ## - CARRIER TYPE
Source transporteur rda
Carrier type term Ressource en ligne
650 1# - SUBJECT ADDED ENTRY--TOPICAL TERM
Topical term or geographic name entry element Droit De Procédure Pénale
Source of heading or term qrmak
650 1# - SUBJECT ADDED ENTRY--TOPICAL TERM
Topical term or geographic name entry element Droit De Pénal
Source of heading or term qrmak
651 1# - SUBJECT ADDED ENTRY--GEOGRAPHIC NAME
Source of heading or term qrmak
700 1# - ADDED ENTRY--PERSONAL NAME
Personal name Griolet, Gaston
Relator term Éditeur
700 1# - ADDED ENTRY--PERSONAL NAME
Personal name Vergé, Charles
Relator term Éditeur
700 1# - ADDED ENTRY--PERSONAL NAME
Personal name Bourdeaux, M. Henry
Relator term Contributeur
856 40 - ELECTRONIC LOCATION AND ACCESS
Uniform Resource Identifier <a href="https://fll.law.cu.edu.eg/fulltext/bks/B10-09991.pdf">https://fll.law.cu.edu.eg/fulltext/bks/B10-09991.pdf</a>
905 ## - Cataloger and Reviser Names
Cataloger Name: Yasmin Sayed
942 ## - ADDED ENTRY ELEMENTS (KOHA)
Source of classification or shelving scheme Dewey Decimal Classification
Koha item type Books
Edition 21
Suppress in OPAC No
Holdings
Withdrawn status Lost status Source of classification or shelving scheme Damaged status Not for loan Collection Home library Current library Date acquired Total checkouts Full call number Barcode Date last seen Copy number Price effective from Koha item type
    Dewey Decimal Classification   Not for loan القانون الجنائي جــــامعة القــاهرة مكتبة كلية الحقوق - المبنى الرئيسي 18.04.2026   Law1 10 343.3 CO 18 ed -1920 1009991 C1 B10-09991 18.04.2026 1 18.04.2026 Books

© All rights reserved — Faculty of Law, Cairo University